| 000 | 00408nam a22001451i 4500 | ||
|---|---|---|---|
| 001 | 183660 | ||
| 003 | ES-MaACL | ||
| 005 | 20230906221939.0 | ||
| 008 | 140917s1908 sp |||| | spa d | ||
| 245 | 0 | 0 |
_aTradiciones pernianas _b: [poesías] / _cpor M. B. M. |
| 250 | _a2ª ed. | ||
| 260 |
_aMadrid : _bA. M. Crespo, _c1908. |
||
| 300 |
_a101 p., 1 h. de lám. ; _c16 cm. |
||
| 852 |
_aES-MaACL _jT-1146-F-5 |
||
| 999 |
_c183660 _d183660 |
||